Economics: principles and policy. / (Record no. 8433)
[ view plain ]
| 000 -LEADER | |
|---|---|
| fixed length control field | 00721mam a2200253 a 4500 |
| 001 - CONTROL NUMBER | |
| control field | 1996744 |
| 003 - CONTROL NUMBER IDENTIFIER | |
| control field | OSt |
| 005 - DATE AND TIME OF LATEST TRANSACTION | |
| control field | 20220118152852.0 |
| 008 - FIXED-LENGTH DATA ELEMENTS--GENERAL INFORMATION | |
| fixed length control field | 961011s1998 txua b 001 0 eng d |
| 020 ## - INTERNATIONAL STANDARD BOOK NUMBER | |
| International Standard Book Number | 0155188410 |
| 040 ## - CATALOGING SOURCE | |
| Original cataloging agency | NNC |
| Transcribing agency | NNC |
| 050 #4 - LIBRARY OF CONGRESS CALL NUMBER | |
| Classification number | HB171.5.B32 |
| 100 1# - MAIN ENTRY--PERSONAL NAME | |
| Personal name | Baumol, William J. |
| 245 10 - TITLE STATEMENT | |
| Title | Economics: principles and policy. / |
| Statement of responsibility, etc. | William J. Baumol, Alan S. Blinder. |
| 250 ## - EDITION STATEMENT | |
| Edition statement | 3rd ed., |
| 260 ## - PUBLICATION, DISTRIBUTION, ETC. | |
| Place of publication, distribution, etc. | New York: |
| Name of publisher, distributor, etc. | Harcourt Brace, |
| Date of publication, distribution, etc. | 1985. |
| 300 ## - PHYSICAL DESCRIPTION | |
| Extent | xxxii, 875 p. : |
| Other physical details | ill. ; |
| 500 ## - GENERAL NOTE | |
| General note | "Text has been updated to reflect the most current data"--T.p. verso. |
| 504 ## - BIBLIOGRAPHY, ETC. NOTE | |
| Bibliography, etc. note | Includes index. |
| 505 ## - FORMATTED CONTENTS NOTE | |
| Formatted contents note | Contents: |
| 650 #0 - SUBJECT ADDED ENTRY--TOPICAL TERM | |
| Topical term or geographic name entry element | Economics. |
| 700 1# - ADDED ENTRY--PERSONAL NAME | |
| Personal name | Blinder, Alan S. |
| 942 ## - ADDED ENTRY ELEMENTS (KOHA) | |
| Source of classification or shelving scheme | Library of Congress Classification |
| Koha item type | Books |
No items available.
